From steamcarts to minicars : A history of motor cars

Đã lưu trong:
书目详细资料
主要作者: Snellgrove, L. E.
格式: 图书
语言:Undetermined
出版: London Longman 1961
主题:
标签: 添加标签
没有标签, 成为第一个标记此记录!
Thư viện lưu trữ: Trung tâm Học liệu Trường Đại học Cần Thơ
LEADER 00532nam a2200205Ia 4500
001 CTU_83656
008 210402s9999 xx 000 0 und d
082 |a 629.28 
082 |b S671 
100 |a Snellgrove, L. E. 
245 0 |a From steamcarts to minicars : 
245 2 |b A history of motor cars 
245 0 |c L. E. Snellgrove 
260 |a London 
260 |b Longman 
260 |c 1961 
650 |a Automobiles 
650 |x History 
904 |i QHieu(sửa) 
980 |a Trung tâm Học liệu Trường Đại học Cần Thơ